LEADER 01236nas 2200421- 450 001 9910137748803321 005 20241014091714.0 011 $a2056-2802 035 $a(DE-599)ZDB2807178-5 035 $a(OCoLC)905658842 035 $a(CKB)3200000000000023 035 $a(CONSER)--2015268519 035 $a(EXLCZ)993200000000000023 100 $a20150326a20159999 --- a 101 0 $aeng 135 $aur||||||||||| 181 $ctxt$2rdacontent 182 $cc$2rdamedia 183 $acr$2rdacarrier 200 00$aPapers in palaeontology 210 1$a[London] :$cThe Palaeontological Association,$d2015- 210 31$a<2016-> :$aHanover, PA :$cJohn Wiley & Sons, Inc. 215 $aonline resource 311 08$a2056-2799 606 $aPaleontology$vPeriodicals 606 $aPaleontology$2fast$3(OCoLC)fst01051513 606 $aPaleontologia$2thub 608 $aPeriodicals.$2fast 608 $aPeriodicals.$2lcgft 608 $aRevistes electròniques.$2thub 615 0$aPaleontology 615 7$aPaleontology. 615 7$aPaleontologia. 712 02$aPalaeontological Association, 906 $aJOURNAL 912 $a9910137748803321 996 $aPapers in palaeontology$92132053 997 $aUNINA LEADER 03011nam 2200589Ia 450 001 9910963470703321 005 20260225175011.0 010 $a0-19-028803-5 010 $a1-280-83758-6 010 $a9786610837588 010 $a0-19-975979-0 035 $a(CKB)2430000000004771 035 $a(OCoLC)607554940 035 $a(CaPaEBR)ebrary10375171 035 $a(SSID)ssj0000310416 035 $a(PQKBManifestationID)11205861 035 $a(PQKBTitleCode)TC0000310416 035 $a(PQKBWorkID)10287761 035 $a(PQKB)10857206 035 $a(MiAaPQ)EBC2033545 035 $a(FINmELB)ELB163713 035 $a(EXLCZ)992430000000004771 100 $a20020213d2003 uy 0 101 0 $aeng 135 $aurcnu|||||||| 181 $ctxt 182 $cc 183 $acr 200 10$aStories of sickness /$fHoward Brody 205 $a2nd ed. 210 $aOxford ;$aNew York $cOxford University Press$dc2003 215 $a1 online resource (310 p.) 300 $aBibliographic Level Mode of Issuance: Monograph 311 08$a0-19-515140-2 320 $aIncludes bibliographical references and index. 327 $aIntro -- Contents -- Introduction -- Chapter 1. Storytelling in Medicine -- Chapter 2. The Nature and Complexities of Narrative -- Chapter 3. Dimensions of Sickness -- Chapter 4. Sickness, Life Stories, and Self-Respect -- Chapter 5. Types of Stories about Sickness -- Chapter 6. Sick Roles: Practices and Life Plans -- Chapter 7. How Sickness Alters Experience -- Chapter 8. Sickness and Social Relations -- Chapter 9. Stories of Life with Disability -- Chapter 10. Maladaptive Ways of Being Sick -- Chapter 11. What Is Narrative Ethics? -- Chapter 12. How Does One Do Narrative Ethics? -- Chapter 13. Rigor in Narrative Judgments -- Chapter 14. Ethics and the Life-Span Narrative -- Chapter 15. Conclusion: The Patient-Health Professional Relationship as a Narrative -- References -- Index -- A -- B -- C -- D -- E -- F -- G -- H -- I -- J -- K -- L -- M -- N -- O -- P -- Q -- R -- S -- T -- U -- V -- W -- Y -- Z. 330 $aTo understand the human menaing of illness, we must turn to the stories we tell about illness, suffering, and medical care. This book explores the many dimensions of what illness means to the suffers and to those around them, drawing on depictions of illness in great works of literature as well as on non-fiction accounts. For this revised edition, Stories of Sickness has been extensively updated and expanded, especially with new material on narrative studies and on narrative ethics. 606 $aSick$xPsychology 606 $aSelf-esteem 606 $aDiseases in literature 615 0$aSick$xPsychology. 615 0$aSelf-esteem. 615 0$aDiseases in literature. 676 $a610 700 $aBrody$b Howard$0282265 801 0$bMiAaPQ 801 1$bMiAaPQ 801 2$bMiAaPQ 906 $aBOOK 912 $a9910963470703321 996 $aStories of sickness$94548275 997 $aUNINA